| 000 | 00887nam a2200229Ia 4500 | ||
|---|---|---|---|
| 003 | IN-BaIIA | ||
| 008 | 211028s9999 xx 000 0 eng d | ||
| 020 | _a0-902553-26-7 | ||
| 040 | _cIIA Library | ||
| 080 |
_a520.4(063) _bAST |
||
| 111 |
_aWorkshop on Astronomical Measuring Machines _cEdinburgh _d1982 Sep. 28-30 _913861 |
||
| 245 | 0 |
_aAstronomical measuring Machines _bproceedings of the Workshop on Astronomical measuring machines, held in Edinburgh, Scotland, 28-30 Sept.ember 1982 _cedited by B. McInnes and R. S. Stobie |
|
| 260 |
_aEdinburgh _bRoyal Observatory _c1983 |
||
| 300 | _a[various pagings.] | ||
| 650 |
_aAstronomical instruments _94304 |
||
| 650 |
_aAstronomical techniques _91786 |
||
| 650 | _aAstronomy and Astrophysics thesaurus | ||
| 650 |
_aInstrumentation _98032 |
||
| 700 |
_aMcInnes, B., ed. _913862 |
||
| 700 |
_aStobie, R. S., ed. _913863 |
||
| 942 | _cBK | ||
| 999 |
_c8263 _d8263 |
||